[Event "Pardubice op-A"]
[Site "Pardubice"]
[Date "2005.07.26"]
[Round "5"]
[White "Azarov, Sergei Nikolaevich"]
[Black "Bakre, Tejas"]
[Result "1-0"]
[WhiteElo "2582"]
[BlackElo "2467"]
[Annotator "Gutman,L"]
[PlyCount "103"]
[EventDate "2005.07.22"]
[EventType "swiss"]
[EventRounds "9"]
[EventCountry "CZE"]
[SourceTitle "CBM 107 Extra"]
[Source "ChessBase"]
[SourceDate "2005.09.01"]
[SourceVersion "1"]
[SourceVersionDate "2005.09.01"]
[SourceQuality "1"]

1. e4 c5 2. Nf3 d6 3. d4 cxd4 4. Nxd4 Nf6 5. Nc3 Nc6 6. Bc4 e6 7. Be3 a6 8. Qe2
Na5 9. Bd3 b5 10. b4 Nc4 11. Bxc4 bxc4 12. a3 $5 (12. Qxc4 Bb7 13. O-O Rc8 14.
Qd3 d5 15. e5 Nd7 16. Bf4 Bxb4 17. Nce2 Rc4 18. Rab1 Qc7 {hat sich als OK für
Schwarz erwiesen, Smeets-Kosteniuk, Wijk aan Zee 2005.}) 12... Bb7 13. f3 {
Von Judasin empfohlen.} Qc7 14. O-O (14. Bg5 Be7 15. O-O O-O 16. Kh1 Rfe8 17.
Rad1 h6 18. Bc1 Rad8 19. Rfe1 Bf8 20. Qf2 e5 21. Nf5 d5 {folgte in
Frolov-Kuznetsov, Russland 2001.}) 14... d5 ({Schwarz nutzt die Möglichkeit
diesen Vorstoß sofort durczusetzen, doch scheint hinterher} 14... Be7 $5 15.
Rad1 O-O {nachhaltiger zu sein.}) 15. exd5 Nxd5 16. Nxd5 Bxd5 17. Rad1 Bd6 (
17... c3 18. f4 Bc4 19. Qf3 Rd8 20. Rfe1) 18. f4 O-O 19. Nf5 Rfd8 20. Nxd6 Qxd6
21. Qg4 {Die enstandene Stellung ist etwas angenehmer für Weiß, aber Schwarz
sollte sich verteidigen können.} Qe7 22. Bd4 f6 23. Rfe1 Qf7 24. c3 (24. Re3
Qg6 25. Qe2 Rd7) 24... Qg6 25. Qxg6 hxg6 26. a4 Bc6 (26... Kf7 {war auch
möglich.}) 27. Rxe6 Bxa4 28. Rde1 Re8 29. Re7 Rad8 30. Kf2 Rxe7 31. Rxe7 Rd7
32. Re8+ Kf7 33. Rc8 Bb5 34. g4 Re7 35. Bc5 Rd7 36. Bd4 Re7 37. h4 Re8 (37...
Ke6 $5 38. Rc5 (38. Kg3 Kd5 39. Rd8+ Ke4) (38. Rd8 Re8) 38... Rd7 $11) 38. Rc5
Ke6 39. Kg3 Kf7 (39... Re7 40. g5 Rd7 $11) 40. g5 Re1 $2 (40... Ke6 $11) 41. f5
$1 gxf5 42. gxf6 gxf6 43. Rxf5 Re6 44. Rc5 Rc6 45. Rd5 Rc8 46. Rd6 Rc6 47. Rd7+
Kg6 48. Kg4 Re6 49. h5+ Kh6 50. Rc7 Re1 51. Bc5 Re8 52. Bd6 1-0

[Event "Leon"]
[Site "Leon"]
[Date "1997.??.??"]
[Round "2"]
[White "Nunn, John DM"]
[Black "Estremera Panos, Sergio"]
[Result "1/2-1/2"]
[WhiteElo "2605"]
[BlackElo "2430"]
[Annotator "Hansen,Cu"]
[PlyCount "57"]
[EventDate "1997.06.05"]
[EventType "tourn"]
[EventRounds "9"]
[EventCountry "ESP"]
[EventCategory "10"]
[SourceTitle "CBM 060"]
[Source "ChessBase"]
[SourceDate "1997.09.29"]
[SourceVersion "1"]
[SourceVersionDate "1997.09.29"]
[SourceQuality "1"]

1. e4 c5 2. Nf3 d6 3. d4 cxd4 4. Nxd4 Nf6 5. Nc3 Nc6 6. Bc4 e6 {Vladimir
Kramnik is consequently avoiding the Velimirovic-attack by playing 6..Qb6. At
least that is what I thought.  However there are also top-GMs who do not mind
playing the black side - Alexei Shirov being one of them - Valery Salov
another. Who is right? To judge from the games in Leon - where the black
player in this game played against the Velimirovic-attack twice - black does
not seem to have a lot to fear at the moment. But it may of course just be a
matter of taste or habit. May be 6...Qb6 is not dangerous for black either.} 7.
Be3 a6 8. Qe2 {If white wants to play this setup he should not play Bc4-b3 to
early. There are lines where Nc6-a5 is answered with Bc4-d3.} Qc7 9. O-O-O Be7
10. Bb3 Na5 11. g4 b5 12. g5 Nxb3+ (12... Nd7 $4 13. Bxe6 $18) 13. axb3 Nd7 14.
h4 b4 15. Na4 Nc5 16. h5 Bd7 17. Kb1 (17. g6 {Was tried by Sion Castro in
round 9.}) 17... Bxa4 18. bxa4 Rc8 {[%cal Rc5e4]} (18... Qb7 $5 {Seems to be a
reasonable alternative - judging from the results in the games played.}) 19. f3
{[%csl Ra4][%cal Yb2b3]} (19. g6 {A standard-move which is practically always
answered with another standard-move -} Bf6 $132) 19... Nxa4 20. Qxa6 {Played
almost exclusively. I would say it is a bad sign when white as to take
material back in such a sharp line by taking pawns on a6. But then again I
suppose the passive 19. f3 signals that white does not believe to much in his
attacking potential.} (20. g6 $5 {looks kind of natural to me to keep c2
protected while attacking the black central-formation f7-e6 while the black N
protecting e6 is placed on a4. However} Bf6 (20... Nc5 $6 21. h6 $14) 21. Qxa6
Nxb2 {gives black strong counterplay}) 20... Nc5 21. Qb5+ Nd7 {[%csl Rc2][%cal
Re6e5,Yc7c2] The idea of 18..Rc8 begins to show. White has to think about his
c2-P.} 22. g6 e5 {Only this natural move is new.} (22... fxg6 $6 23. Rh2 $1 (
23. hxg6 e5 (23... h6 24. Rh2 $14) 24. Rxh7 Rf8 {and white has to give up a
piece for unclear compensation.}) 23... e5 24. Ne6 Qc6 25. Qxc6 Rxc6 26. hxg6
Bf6 27. Rxh7 Rg8 28. f4 $16 {Hector,J-Rytshagov,M/Excelsior Cup Goteborg (05)
1997 (45)}) 23. gxf7+ (23. h6 $2 {Another standard-move that has to be
considered} exd4 {[%cal Rc7c2,Rc8a8] and the threat 23. - Qxc2+ followed by 24.
- Ra8+ means blacks is at least equal.} 24. gxf7+ Kxf7 (24... Kd8 25. Rh2 g6
26. Bxd4 Rf8 27. e5 $13) 25. Qd5+ Ke8 26. hxg7 Qxc2+ 27. Ka1 Qa4+ $11) 23...
Kxf7 24. Qd5+ Ke8 25. Ne6 Qxc2+ 26. Ka1 Qa4+ 27. Kb1 Qc2+ 28. Ka1 Qa4+ 29. Kb1
1/2-1/2

[Event "Leon"]
[Site "Leon"]
[Date "1997.??.??"]
[Round "9"]
[White "Sion Castro, Marcelino"]
[Black "Estremera Panos, Sergio"]
[Result "1/2-1/2"]
[WhiteElo "2440"]
[BlackElo "2430"]
[Annotator "Hansen,Cu"]
[PlyCount "68"]
[EventDate "1997.06.05"]
[EventType "tourn"]
[EventRounds "9"]
[EventCountry "ESP"]
[EventCategory "10"]
[SourceTitle "CBM 060"]
[Source "ChessBase"]
[SourceDate "1997.09.29"]
[SourceVersion "1"]
[SourceVersionDate "1997.09.29"]
[SourceQuality "1"]

1. e4 c5 2. Nf3 Nc6 3. d4 cxd4 4. Nxd4 Nf6 5. Nc3 d6 6. Bc4 e6 7. Bb3 a6 8. Be3
Be7 9. Qe2 Qc7 10. O-O-O Na5 11. g4 b5 12. g5 Nxb3+ 13. axb3 Nd7 14. h4 b4 15.
Na4 Nc5 16. h5 Bd7 17. g6 (17. Kb1 Bxa4 18. bxa4 Rc8 {happened in
Nunn-Estremera in round 2 of the same tournament. Black did not have any
problems making a draw.}) 17... Nxb3+ 18. Nxb3 Bxa4 19. h6 fxg6 20. hxg7 Rg8 {
[%cal Ra4b3]} 21. Nd4 {[%cal Rd4e6] So white has managed to break up blacks
pawn-struckture around the K. However it is not clear that his position is
better. Black has serious counterplay against c2, and it is not easy for white
to coordinate attack and defence while keeping the material situation in
balance.} e5 22. Ne6 Qc6 23. Rxh7 Bb3 {[%cal Rb3e6] It seems to be very
important to challenges whites N but also to take control over the diagonal
a2-g8} (23... Rc8 {[%cal Rc6c2] Looked very natural.} 24. Bc5 $1 {The same
idea basically as 24. Nc5 - to block the c-line and thereby obstruct blacks
counterplay.} (24. Nc5 {White gives up material to block the c-line} Bb5 $1 {
Taking the important c4 square away for whites Q which forces the passive} (
24... dxc5 25. Qc4 $16) 25. Nd3 $17 {and black should be clearly better.}) (24.
Rd2 Qxe4 $1 {and it seems to me that whites position has been overextended.} (
24... Bb3 $2 25. Qg4) (24... Qc4 25. Qxc4 Rxc4 26. Rh8 Kf7 27. Bh6 Rcc8 $13))
24... dxc5 {Again it is very dangerous to allow whites Q to c4. Unfortunately
this time black does not have any  obvious alternatives.} (24... Bb5 25. Qg4
$16) 25. Qc4 {[%cal Re6c7,Rc4g8]} Bh4 (25... Bf6 $2 26. Nc7+ Ke7 27. Nd5+ Kf7
28. Nf4+ $18) 26. Rxh4 $16 (26. Nd8 $2 Bg5+ 27. Kb1 Bxc2+ $1 28. Kxc2 Qa4+ $17)
) (23... Kf7 24. Ng5+ Bxg5 25. Bxg5 Rac8 26. Rd2 $16 {and black is in trouble})
24. Rd5 Rc8 25. Rh8 Kf7 (25... Qxc2+ 26. Qxc2 Rxc2+ 27. Kb1 Kf7 28. Rxg8 Kxg8
29. Rd3 $14) 26. Nc5 $1 {Again it is the blocking of the c-line that keeps
white in the game} dxc5 (26... Bxd5 27. Qf3+ Bf6 (27... Kxg7 28. exd5 Qxc5 29.
Rxg8+ Kxg8 30. Bxc5 Rxc5 31. Qd3 $16) 28. exd5 Qc7 29. Bg5 Qe7 30. Ne4 $16) 27.
cxb3 c4 {[%cal Rc4b3,Rc6c1] Black can only fight for the initiative by opening
the c-line yet again} (27... Rxh8 28. gxh8=Q Rxh8 29. Rxe5 $14 {[%cal Re2c4]})
28. bxc4 Qxc4+ 29. Qxc4 Rxc4+ 30. Kd2 Rxe4 {Incredibly only this move is new.}
(30... Kxg7 31. Rxg8+ Kxg8 32. Kd3 Rc6 33. Rd7 Kf7 34. Bg5 Rd6+ 35. Rxd6 Bxd6
36. Kc4 Ke6 37. Bd2 a5 38. Kb5 Bc7 39. b3 Bd8 40. Be3 Kd7 41. Kc5 Be7+ 42. Kd5
Bd6 43. f3 Bb8 {1/2-1/2 Rechlis,G-Piket,J/WchJ Gausdal ,EXT (13) 1986}) 31. Kd3
{[%csl Ra6,Re5,Rg7] White has to fight for draw. He is a P down and P-g7 is
weak - but so are the blacks pawns on a6 and e5} (31. Bh6 $6 Rd4+ 32. Rxd4 exd4
$17) 31... Rh4 32. Rxg8 Kxg8 33. Rd7 Bf6 34. Rd6 Bxg7 1/2-1/2

[Event "Bermuda-A"]
[Site "Bermuda"]
[Date "1995.??.??"]
[Round "6"]
[White "Waitzkin, Joshua"]
[Black "De Firmian, Nick E"]
[Result "1/2-1/2"]
[WhiteElo "2435"]
[BlackElo "2590"]
[Annotator "Hansen,Cu"]
[PlyCount "57"]
[EventDate "1995.01.??"]
[EventType "tourn"]
[EventRounds "9"]
[EventCountry "BER"]
[EventCategory "10"]
[SourceTitle "CBM 046"]
[Source "ChessBase"]
[SourceDate "1995.06.01"]
[SourceVersion "1"]
[SourceVersionDate "1995.06.01"]
[SourceQuality "1"]

1. e4 c5 2. Nf3 d6 3. d4 cxd4 4. Nxd4 Nf6 5. Nc3 a6 6. Bc4 e6 7. Bb3 Nc6 8. Be3
Be7 9. Qe2 Qc7 10. O-O-O Na5 11. g4 b5 12. g5 Nxb3+ 13. axb3 Nd7 14. Nf5 exf5
15. Nd5 Qd8 16. exf5 Bb7 17. f6 gxf6 18. Rhe1 Bxd5 19. Rxd5 Rg8 20. gxf6 (20.
Bd2 Kf8 21. Ba5 Qxa5 22. Qxe7+ Kg7 23. Rxd6 Rae8 24. gxf6+ Kh6 25. Qxe8 Rxe8
26. Rxe8 Qc7 27. Rxa6 Nc5 28. Raa8 Nxb3+ 29. Kb1 Nd2+ 30. Kc1 Qf4 31. b3 Nxb3+
32. Kb2 Na5 33. Rab8 Qb4+ 34. Kc1 Nc4 35. Red8 Qe1+ 36. Rd1 Qc3 37. Rxb5 Qa1+ {
0-1 Goliak,I-Petrushin,A/USSR 11/331 1971}) (20. h4 Rc8 (20... fxg5 21. Bxg5
Ne5 22. f4 Bxg5 23. hxg5 Kf8 24. fxe5 Qxg5+ 25. Kb1 Re8 26. Rxd6 Rg6 {=/+
Yurtaev,L-Sher,M/USSR (ch I) 37/(274) 1983}) 21. Bf4 (21. f4 Kf8 22. Kb1 Rg6 (
22... Nc5 23. Red1 Qe8 24. Qh5 Rg7 25. Bd4 Nd7 26. Re1 Qd8 27. Qe2 Rg6 28. h5
Rg8 29. Qe4 fxg5 30. Qxh7 Bf6 31. Rf5 Rh8 32. Qxh8+ Bxh8 33. Bxh8 gxf4 34. Rh1
Qc7 35. Rh2 Re8 36. b4 Re1+ 37. Ka2 Qc4+ 38. b3 Qe4 39. Rg5 Ne5 40. Bg7+ Ke7
41. Bxe5 dxe5 42. h6 Qd4 {0-1 Lind,JO-Schneider,LA/SVE-ch (07) 1992}) 23. Rf5
fxg5 24. hxg5 Kg8 25. Rd5 Re6 26. Qd3 Qc7 27. Re2 Qc6 28. Rh2 Nf8 29. Bd2 Qb6
30. Rg2 b4 31. f5 Re5 32. g6 hxg6 33. fxg6 Qc6 34. gxf7+ Kxf7 35. Rf2+ Ke8 36.
Rd4 Ne6 37. Rxb4 Kd7 38. Bc3 Rh5 39. Re2 d5 40. Rg4 Qb5 41. Qf3 d4 42. Rge4 Rc6
43. Bxd4 Qf5 {1/2-1/2 Ehlvest,J-Tischbierek,R/Leningrad 37/274 1984}) 21... Kf8
22. gxf6 Nxf6 23. Rf5 Rc5 24. Bh6+ Ke8 25. Rxc5 dxc5 26. Bg5 Rg6 27. f4 Ng8 28.
f5 Rd6 29. Qe4 Kf8 30. Bf4 Rd4 31. Qe3 Rxf4 32. Qxf4 Bxh4 33. Rg1 h6 34. Kb1
Bg5 35. Qf3 Nf6 36. Rd1 Qc8 37. Rd6 Kg7 38. Ka2 a5 39. Rb6 a4 40. Rxb5 Qa6 41.
c4 axb3+ 42. Kxb3 Qd6 43. Rb7 h5 44. Qe2 Kf8 {Gheorghiu,F-Hamann,S/Vrnjacka
Banja 3/438 1967/0-1 (89)}) (20. Bf4 Kf8 21. Qh5 (21. Qd2 $1 {N; 21.Qh5 - 22/
435} Rxg5 (21... Ne5 22. gxf6 Bxf6 23. Bh6+ Bg7 24. Rxd6 Qh4 25. Bg5 Nd3+ 26.
Kb1 Qxf2 27. Be7+ Ke8 28. Bh4+ Qxe1+ 29. Bxe1 Ne5 30. Qd5 Rc8 31. Bg3 {1-0
Gabler,B-Forgacs,G/Sankt Augustin (08) 1990}) 22. Bxg5 fxg5 23. h4 $1 $44 {
-> ~/= Riemersma,L-Cardon,H/Nederland (ch) 43/(310) 1987} (23. h4 Nf6 (23... a5
$5 {N} 24. hxg5 $2 (24. Rxb5 Nc5 $1 {צb5}) 24... a4 25. b4 a3 26. b3 $2 (26.
bxa3 Rxa3 27. Qd4 Kg8 $1 $15 {/\ Bf8-g7}) 26... Ne5 $1 $19 27. f4 a2 28. Kb2
Nf3 29. Qc3 Bf6 30. gxf6 Nxe1 31. Rd1 Nxc2 $1 {0-1 Hector,J-Fishbein,A/
Stavanger 53/228 1991}) 24. Rxg5 Qd7 25. Rg3 Qf5 26. Qe3 Ng8 27. Reg1 Nf6 28.
Qh6+ Ke8 29. Rg8+ Nxg8 30. Rxg8+ Kd7 31. Rxa8 Qxf2 32. Kb1 Bxh4 33. Rxa6 Bf6
34. Qf8 Bxb2 35. Qxd6+ {1-0 Gobet,F-Trepp,M/SWZ-ch 1988})) 21... Rg7 (21... Qa5
22. Qe2 Ne5 (22... Qd8 23. Qh5 Qa5 24. Qe2 Ne5 25. gxf6 Bxf6 26. Rxd6 Re8 27.
Bh6+ Bg7 28. Kb1 Bxh6 29. Rxh6 Kg7 30. b4 Qxb4 31. c3 Qg4 32. Rxa6 Nf3 {
0-1 Garber,S-Fishbein,A/New York op (7) 1991}) 23. gxf6 Bxf6 24. Kb1 Qb4 25.
Bh6+ Bg7 26. Qe3 Re8 27. c3 Qxb3 28. Rxd6 Qc4 29. Bxg7+ Rxg7 30. f4 Rg6 31.
Rxg6 hxg6 32. fxe5 Kg7 33. Qf3 Re6 34. h4 Qxh4 35. Rh1 Qg5 36. Qa8 {1-0 Silva,
F-Tukmakov,V/Odessa 22/435 1976}) 22. Rxe7 Kxe7 23. Bxd6+ Ke6 24. c4 bxc4 25.
bxc4 Rxg5 26. Qh3+ f5 27. f4 Nf6 28. Qe3+ Ne4 29. fxg5 Rc8 30. b3 Rc6 31. Re5+
Kd7 32. Qa7+ Kc8 33. Qa8+ Kd7 34. Qb7+ {1-0 Martinovic,S-Musil,V/Jugoslavija
16/370 1973}) (20. Rf5 Rg6 21. Qf3 Ne5 22. Qd5 Rc8 23. gxf6 Qa5 $17 {
Saveraide-Levitina, Tbilisi 1982}) 20... Nxf6 21. Rf5 Ng4 (21... Rg6 22. Bb6
Qd7 23. Qf3 Rb8 24. Rxf6 Rxb6 25. Qa8+ Qd8 26. Rxe7+ {+/- Kupreichik,
V-Beliavsky,A/USSR 17/(418) 1974} (26. Rxe7+ Kxe7 27. Rxf7+ Kxf7 28. Qxd8 Rb7 (
28... d5 $1 $13) (28... d5 29. Qxd5+ $1 $16) 29. Qa8 Re7 30. Qxa6 Rg2 31. Qxb5
Rxf2 32. Qh5+ Kf8 33. Qh6+ Kg8 34. Qg5+ Kf8 35. Kd1 Ree2 36. Qd8+ Kf7 37. Qd7+
{1-0 Losev,D-Zaitshik,G/USSR 21/351 1976})) (21... Rb8 22. Ba7 (22. h4 $5 Ne4 (
22... Kd7 23. Bd4 $18) (22... Ng4 23. Bg5 Rxg5 (23... f6 $1 24. Qxg4 fxg5 25.
Qh5+ Kd7 26. Rxe7+ $1 (26. Rf7 $2 Re8 27. Qxh7 gxh4 28. f4 Rb7 $19) 26... Qxe7
27. Rf7 gxh4 28. Rxe7+ Kxe7 29. Qxh7+ {1/2-1/2 Sion Castro,M-Atalik,S/Oviedo
59/(289) 1993}) 24. Rxg5 Nf6 25. Rg7 $1 Kf8 26. Rg3 $18) (22... Nd7 23. Qh5 Ne5
24. Qxh7 Rg2 25. Bd4 $1 $16) 23. Bf4 $1 Rg6 $8 (23... d5 24. Bxb8 $18) (23...
Nc5 24. Rxc5 dxc5 25. Bxb8 Rg6 26. f4 Re6 27. Be5 f6 28. Qh5+ Kf8 29. Qh6+ Ke8
30. Rd1 Qa5 31. Kb1 $18) 24. Qxe4 Re6 25. Qh1 Qd7 (25... Qa5 26. Qc6+ Kd8 27.
Rxe6 fxe6 28. Rf8+ Bxf8 29. Bg5+ Be7 30. Qxd6+ Kc8 31. Qxe6+ Kb7 32. Qe4+ $1
Kc8 33. Qxe7 $18) 26. Rh5 Rc8 27. Kb1 Rc5 28. Rxh7 Rxe1+ 29. Qxe1 Qf5 (29...
Qe6 $18) 30. Bxd6 {1-0 Frolov,A-Bagaturov,G/Biel (izt) 58/285 1993}) 22... Rb7
(22... Nd7 23. Bxb8 Nxb8 24. Qf3 Nd7 $1 25. Qc6 $13) 23. Bd4 Ng4 24. Qf3 (24.
h3 Ne5 25. Qe4 Rg5 26. Rxg5 Bxg5+ 27. f4 Re7 28. Rg1 d5 29. Qxh7 Nf3 {0-1
Guseinov,A-Korsunsky,R/USSR 25/435 1978}) 24... Rd7 (24... Qc8 25. Rxf7 (25.
Qd5 Nh6 26. Rh5 Rg6 27. Be3 {N} (27. f4) 27... Rc7 $2 (27... Ng8 28. Rxh7 $16)
(27... Ng4 $1 28. Rxh7 Re6 $17 {Popovic,P}) 28. Rxh6 Rxc2+ 29. Kb1 Qc6 $6 (
29... b4 {/\ Rb2}) 30. Qd3 Rxh6 31. Bxh6 Rc5 32. Bg7 $1 Kd8 33. Qxh7 Qf3 $1 $10
{Ivanovic,B-Popovic,P/Jugoslavija (ch) 53/(228) 1991}) 25... Ne5 26. Bxe5 dxe5
27. Kb1 Qg4 28. Qxb7 Kxf7 29. Qxa6 Rd8 $19 {Kozlov-Losev, USSR 1976}) 25. Qh3
Ne5 26. f4 Bh4 27. Re2 Re7 28. fxe5 dxe5 29. Bc5 Bg5+ 30. Kb1 f6 31. Qh5+ Rg6
32. h4 Qc8 33. Bxe7 Qxf5 34. Bb4 Qf4 35. Qxh7 Rh6 36. Qe7# {1-0 Velimirovic,
D-Popovic,P/Novi Sad 22/436 1976}) 22. Bg5 Ne5 23. Bxe7 Qxe7 24. f4 Qe6 (24...
Rg2 25. Qxg2 Nd3+ 26. Kd2 Qxe1+ 27. Kxd3 {1/2-1/2 Soloviev-Lisenko, USSR 1979})
25. Qe4 Nd3+ 26. Kd2 Nxe1 27. Qxa8+ Ke7 28. Qb7+ Kf8 29. Qb8+ 1/2-1/2

[Event "RUS-ch 54th"]
[Site "Elista"]
[Date "2001.05.06"]
[Round "6"]
[White "Frolov, Denis"]
[Black "Zakhartsov, Viacheslav V"]
[Result "0-1"]
[WhiteElo "2442"]
[BlackElo "2484"]
[Annotator "Hecht,H"]
[PlyCount "98"]
[EventDate "2001.04.29"]
[EventType "swiss"]
[EventRounds "9"]
[EventCountry "RUS"]
[SourceTitle "CBM 083"]
[Source "ChessBase"]
[SourceDate "2001.07.05"]
[SourceVersion "1"]
[SourceVersionDate "2001.07.05"]
[SourceQuality "1"]

1. e4 c5 2. Nf3 d6 3. d4 cxd4 4. Nxd4 Nf6 5. Nc3 a6 6. Bc4 e6 7. Bb3 Nc6 8. Be3
Be7 9. Qe2 Qc7 10. O-O-O O-O 11. g4 Nxd4 12. Rxd4 b5 13. g5 Nd7 14. f4 Nc5 15.
f5 Nxb3+ 16. axb3 exf5 17. Nd5 Qd8 18. Rg1 Re8 19. Qf2 g6 20. Qh4 Bb7 21. exf5
Bxd5 22. Rxd5 Bf8 23. Bd4 Qe7 24. Kb1 Qe4 25. Qxe4 Rxe4 26. f6 h6 27. gxh6 Kh7
28. Rg3 Re1+ 29. Ka2 Rc8 30. Rg2 Rce8 31. Bc3 R1e2 32. Rd2 Rxg2 33. Rxg2 Bxh6
34. Ka3 Re4 35. h3 Be3 36. b4 Bd4 37. Rg3 Bxc3 38. Rxc3 Re6 39. Rc6 d5 40. Rc5
Rxf6 41. Rxd5 Rf3+ 42. Rd3 Rxd3+ 43. cxd3 {[#] Thema: entfernter Freibauer} f5
44. Kb3 g5 45. Kc3 g4 46. hxg4 fxg4 47. Kd4 Kg6 48. Ke4 Kg5 49. d4 g3 (49... g3
50. Kf3 Kf5 51. Kxg3 Ke4 52. Kf2 Kxd4 53. Ke2 Kc4 54. Kd2 Kxb4 55. Kc2 a5 56.
Kc1 Kb3 57. Kb1 a4 58. Ka1 b4 59. Kb1 a3 60. Ka1 axb2+ 61. Kb1 Ka3 $19) 0-1

[Event "Hastings 9495"]
[Site "Hastings"]
[Date "1994.??.??"]
[Round "4"]
[White "Nunn, John DM"]
[Black "Arakhamia Grant, Ketevan"]
[Result "1/2-1/2"]
[WhiteElo "2625"]
[BlackElo "2450"]
[Annotator "Horvath,Ta"]
[PlyCount "96"]
[EventDate "1994.12.??"]
[EventType "tourn"]
[EventRounds "9"]
[EventCountry "ENG"]
[EventCategory "9"]
[SourceTitle "CBM 045"]
[Source "ChessBase"]
[SourceDate "1995.04.01"]
[SourceVersion "1"]
[SourceVersionDate "1995.04.01"]
[SourceQuality "1"]

1. e4 c5 2. Nf3 Nc6 3. d4 cxd4 4. Nxd4 e6 5. Nc3 d6 6. Be3 Nf6 7. Bc4 a6 8. Qe2
Qc7 (8... Na5 9. Bd3 b5 10. b4 $1 (10. a4 $5 b4 11. Nb1 Be7 12. Nd2 O-O 13. O-O
Nd7 14. f4 Bf6 15. Bf2 Bb7 16. f5 $44 {Sokoov-Aseev/UdSSR/1989}) 10... Nc4 (
10... Nb7 11. a4 $16) 11. Bxc4 bxc4 12. O-O $1 (12. Qxc4 Bb7 13. Rd1 Rc8 14.
Qb3 Qc7 $44 {Kuczynski-Dautov/Dresden/1988}) 12... Bb7 13. Bg5 Rc8 14. Rad1 h6
15. Bh4 Be7 16. e5 Nd5 17. Nxd5 Bxh4 18. Nxe6 $1 $18 {Horvath,T-Jasnikovski/
Balatonbereny/1985}) 9. O-O-O Na5 10. Bd3 b5 11. a3 Be7 (11... Bd7 $5 12. Bg5
$6 Be7 13. f4 Rc8 14. Nf3 $6 Nc4 15. Bxc4 Qxc4 $15 {Ivanovic-Popovic/Titograd/
1984}) (11... Rb8 $5) 12. g4 Bb7 (12... Rb8 13. Rhe1 Nc4 14. g5 Nd7 15. Nf5 $1
{Nunn-Prichett/Bundesliga/1989}) 13. g5 Nd7 14. h4 (14. f4 $1 Nc5 15. Kb1 g6 $6
16. Rhf1 Nc6 17. f5 $16 {London-Gurevic/New York/1985}) 14... Ne5 15. f4 Nec4
16. Bxc4 Qxc4 17. Rd3 b4 18. b3 Nxb3+ 19. cxb3 Qc7 20. axb4 (20. Qc2 $5 bxc3
21. Rxc3 Qd8 22. Nc6 Bxc6 23. Rxc6 $14) 20... Bxe4 21. Re1 d5 22. Nc2 Bxd3 23.
Qxd3 O-O 24. h5 (24. f5 Qg3 25. f6 Bxb4 26. Rg1 Qb8 $44) 24... Rfc8 25. Kb2 Bd6
26. f5 Rab8 27. g6 hxg6 28. hxg6 Bxb4 29. Nxb4 Rxb4 30. fxe6 $6 (30. Bd4 $142
$1 Rcb8 31. Qh3 Rxb3+ 32. Kc2 Qh2+ 33. Qxh2 Rb2+ 34. Kd3 Rxh2 35. gxf7+ Kxf7
36. fxe6+ $18) 30... fxe6 31. Bd4 Rcb8 32. Qh3 Rxb3+ 33. Kc2 Qh2+ $1 34. Qxh2
Rb2+ 35. Kd3 Rxh2 36. Rxe6 Rh3+ 37. Kd2 Rh2+ 38. Ke3 Rh3+ 39. Kf4 Rh4+ 40. Ke5
Rd8 41. Bb6 $2 (41. Re7 $1 $16) 41... Rh5+ 42. Kd4 Rh4+ 43. Ne4 Rxe4+ 44. Rxe4
dxe4+ 45. Bxd8 a5 46. Be7 a4 47. Ba3 Kh8 48. Kxe4 Kg8 1/2-1/2